000 00291nam a22001337a 4500
008 170407b xxu||||| |||| 00| 0 eng d
020 _a9781416029731
041 _aeng
080 _28 ED
_a616
100 _a9
101 _aSHM
245 _aBASIC PATHOLOGY
_cABBAS.A.K
942 _2udc
_cBK
999 _c10092
_d10092